Hypertension control : (Record no. 128291)

MARC details
000 -LEADER
fixed length control field 00724nam a22002297a 4500
005 - DATE AND TIME OF LATEST TRANSACTION
control field 20170124110037.0
010 ## - LIBRARY OF CONGRESS CONTROL NUMBER
LC control number A-950756
020 ## - INTERNATIONAL STANDARD BOOK NUMBER
Terms of availability 55.00
International Standard Book Number 812031431
035 ## - SYSTEM CONTROL NUMBER
System control number A-950756
037 ## - SOURCE OF ACQUISITION
Source of stock number/acquisition Cen Lib/Ret
040 ## - CATALOGING SOURCE
Original cataloging agency DPL
Language of cataloging EN
082 ## - DEWEY DECIMAL CLASSIFICATION NUMBER
Classification number 616.13205
Item number WHO
245 ## - TITLE STATEMENT
Title Hypertension control :
Statement of responsibility, etc edited by Who
Remainder of title report of a WHO expert committee /
260 ## - PUBLICATION, DISTRIBUTION, ETC. (IMPRINT)
Place of publication, distribution, etc New Delhi
Name of publisher, distributor, etc Prentce Hall of India
Date of publication, distribution, etc 1998
270 ## - ADDRESS
Address M-97,Cannught Circus
City New Delhi
Postal code 110001
300 ## - PHYSICAL DESCRIPTION
Extent 83p.
Dimensions 23cm(Hb)
500 ## - GENERAL NOTE
General note Includes bibliographical reference
650 ## - SUBJECT ADDED ENTRY--TOPICAL TERM
Topical term or geographic name as entry element Hypertension--Prevention
9 (RLIN) 22945
650 ## - SUBJECT ADDED ENTRY--TOPICAL TERM
Topical term or geographic name as entry element Hypertension--Risk factors
9 (RLIN) 22946
700 ## - ADDED ENTRY--PERSONAL NAME
Personal name WHO
9 (RLIN) 22863
942 ## - ADDED ENTRY ELEMENTS (KOHA)
Source of classification or shelving scheme Dewey Decimal Classification
Koha item type English Books
Classification part 616.13205
Call number suffix WHO
Holdings
Withdrawn status Lost status Damaged status Not for loan Home library Current library Date acquired Source of acquisition Cost, normal purchase price Total Checkouts Full call number Barcode Date last seen Copy number Cost, replacement price Price effective from Koha item type Public note
Written off       Central Library Central Library 02/07/2015 Cen Lib/Ret 55.00   616.13205 WHO A-950756 02/07/2015 1 55.00 02/07/2015 English Books W/d List No. 6875/2; dtd 22/08/2020

© Delhi Public Library
Hit Counter
free hit counter